000 00754nam a2200253Ia 4500
003 OSt
005 20221005073056.0
006 a|||||r|||| 00| 0
007 ta
008 221004b |||||||| |||| 00| 0 urd d
020 _a9788190400145 (hbk)
_cINR 100.00
024 _a35908
037 _b4929, 27/02/2017, Kitabi Duniya
_cTextual
040 _aCRL
_cCRL
_burd
041 _2urd
_aurd
082 _aO168,1L97:g, Q1
100 _aBadauni Shams Au.
_9607702
245 0 _aMazar-e-Ghalib
260 _aNew Delhi
_bGhalib institute India
_c2011
300 _a104p.
_ccm.
650 _aGHALIB
_9177774
942 _hO168,1L97:g, Q1
_cTEXL
_2cc
999 _c980508
_d980508